000 006550000a22001810004500
003 MACL
005 20160528133458.0
008 160528b xxu||||| |||| 00| 0 eng d
040 _aMACL
_cMACL
041 _aHindi
082 _a891.433
100 _aकविराज, महामहोपाध्‍याय पं गोपीनाथ
_960550
245 _aज्ञानगंज
_cकविराज महामहोपाध्‍याय पं गोपीनाथ
260 _bअनुराग प्रकाशन
_c1992
_aवाराणसी
350 _a60
650 _aNovel
_960551
942 _cHIN
_k891.433/KAV/N
_2ddc
999 _c20683
_d20683